| Tag |
First Indicator |
Second Indicator |
Subfields |
| LEADER |
00000mam a2200000 a 4500 |
| 001 |
in00003466413 |
| 005 |
20151206105046.0 |
| 008 |
870724s1917 txu s000 0 eng d |
| 035 |
|
|
|a (OCoLC)ocm16274762
|
| 040 |
|
|
|a TWT
|c TWT
|d UtOrBLW
|
| 090 |
|
|
|a RM237.87
|b .L38
|
| 100 |
1 |
|
|a Lawrence, M. Minerva
|q (Mary Minerva)
|
| 245 |
1 |
0 |
|a Save the wheat :
|b 24 recipes using wheat flour substitutes /
|c by M. Minerva Lawrence.
|
| 264 |
|
1 |
|a Austin, Tex. :
|b University of Texas,
|c 1917.
|
| 300 |
|
|
|a 15 pages ;
|c 24 cm.
|
| 336 |
|
|
|a text
|b txt
|2 rdacontent
|
| 337 |
|
|
|a unmediated
|b n
|2 rdamedia
|
| 338 |
|
|
|a volume
|b nc
|2 rdacarrier
|
| 490 |
1 |
|
|a Food conservation bulletin ;
|v no. 1
|
| 490 |
1 |
|
|a Bulletin / University of Texas ;
|v no. 1744
|
| 500 |
|
|
|a "Food conservation bulletins: Number 1, Save the wheat; Number 2, Save the sugar; Number 3, Save the meat; Number 4, Save the fat."
|
| 650 |
|
0 |
|a Wheat-free diet
|v Recipes.
|
| 830 |
|
0 |
|a Food conservation bulletin ;
|v no. 1.
|
| 830 |
|
0 |
|a University of Texas bulletin ;
|v no. 1744.
|
| 999 |
|
|
|a MARS
|
| 999 |
f |
f |
|s 7d7543b2-6a9b-3aa4-91d3-980f226838a4
|i 01780d3a-a823-38e0-87ca-8f4c05566168
|t 0
|
| 952 |
f |
f |
|p ric
|a Texas A&M University
|b Rellis Campus
|c Joint Library Facility
|d Remote Storage
|t 0
|e RM237.87 .L38
|h Library of Congress classification
|i unmediated -- volume
|m 32060006457416
|
| 998 |
f |
f |
|a RM237.87 .L38
|t 0
|l Remote Storage
|